<?xml version="1.0" encoding="UTF-8"?>
<record
    xmlns:xsi="http://www.w3.org/2001/XMLSchema-instance"
    xsi:schemaLocation="http://www.loc.gov/MARC21/slim http://www.loc.gov/standards/marcxml/schema/MARC21slim.xsd"
    xmlns="http://www.loc.gov/MARC21/slim">

  <leader>01312njm a22002537a 4500</leader>
  <controlfield tag="005">20100910100738.0</controlfield>
  <controlfield tag="007">sd ammalaaahaa</controlfield>
  <controlfield tag="008">100910t        xxu||||| |||| 00| 0 hin d</controlfield>
  <datafield tag="028" ind1=" " ind2=" ">
    <subfield code="a">45-AE. 1505</subfield>
    <subfield code="b">Angel Record</subfield>
  </datafield>
  <datafield tag="035" ind1=" " ind2=" ">
    <subfield code="a">GR-01976</subfield>
  </datafield>
  <datafield tag="040" ind1=" " ind2=" ">
    <subfield code="a">SED/VEN</subfield>
  </datafield>
  <datafield tag="100" ind1=" " ind2=" ">
    <subfield code="a">Mohd. Rafi</subfield>
    <subfield code="9">19310</subfield>
  </datafield>
  <datafield tag="245" ind1=" " ind2=" ">
    <subfield code="a">Kab ? kyoon? aur kahan? :</subfield>
    <subfield code="c">by Mohd. Rafi ; music by Kalyanji Anandji ; Aajaan</subfield>
    <subfield code="h">[sound recording] :</subfield>
  </datafield>
  <datafield tag="246" ind1=" " ind2=" ">
    <subfield code="a">&#x915;&#x92C; ? &#x915;&#x94D;&#x92F;&#x942;&#x902; &#x914;&#x930; &#x915;&#x939;&#x93E;&#x901; ? (&#x92E;&#x94B;&#x939;&#x92E;&#x926; &#x930;&#x92B;&#x93C;&#x940; )</subfield>
  </datafield>
  <datafield tag="260" ind1=" " ind2=" ">
    <subfield code="a">Dum Dum India</subfield>
    <subfield code="b">Angel Record</subfield>
    <subfield code="c">1970</subfield>
  </datafield>
  <datafield tag="300" ind1=" " ind2=" ">
    <subfield code="a">1 sound disc [Gramophone record] :</subfield>
    <subfield code="b">analog, 45 1/3 rpm</subfield>
    <subfield code="c">7 in.</subfield>
    <subfield code="f">Gramophone Record</subfield>
  </datafield>
  <datafield tag="500" ind1=" " ind2=" ">
    <subfield code="a">Brief Record</subfield>
  </datafield>
  <datafield tag="505" ind1=" " ind2=" ">
    <subfield code="a">Dil to dil hai part 1 (Kab? kyoon? aur kahan) (Mohd. Rafi) &#x926;&#x93F;&#x932; &#x924;&#x94B; &#x926;&#x93F;&#x932; &#x939;&#x948; &#x92A;&#x93E;&#x930;&#x94D;&#x91F; &#x967; (&#x915;&#x92C; &#x915;&#x94D;&#x92F;&#x942;&#x902; &#x914;&#x930; &#x915;&#x939;&#x93E;&#x901; ) (&#x92E;&#x94B;&#x939;&#x92E;&#x926; &#x930;&#x92B;&#x93C;&#x940; ) Yeh ankhen jhuki jhuki si part 2 (Kab kyoon aur kahan) (Asha Bhosle &amp;Usha khanna) &#x92F;&#x939; &#x911;&#x902;&#x916;&#x947;&#x902;  &#x91D;&#x941;&#x915;&#x940; &#x91D;&#x941;&#x915;&#x940; &#x938;&#x940;  &#x92A;&#x93E;&#x930;&#x94D;&#x91F; &#x968; (&#x915;&#x92C; &#x915;&#x94D;&#x92F;&#x942;&#x902; &#x914;&#x930; &#x915;&#x939;&#x93E;&#x901; ) (&#x906;&#x936;&#x93E;  &#x92D;&#x94B;&#x938;&#x932;&#x947; &amp; &#x909;&#x937;&#x93E; &#x916;&#x928;&#x94D;&#x928;&#x93E; )</subfield>
  </datafield>
  <datafield tag="650" ind1=" " ind2=" ">
    <subfield code="a">Classical Music</subfield>
    <subfield code="x">Excerpts</subfield>
    <subfield code="z">India</subfield>
    <subfield code="9">19311</subfield>
  </datafield>
  <datafield tag="700" ind1=" " ind2=" ">
    <subfield code="a">Kalyanji Anandji</subfield>
    <subfield code="9">19312</subfield>
  </datafield>
  <datafield tag="700" ind1=" " ind2=" ">
    <subfield code="a">Aajaan</subfield>
    <subfield code="9">19313</subfield>
  </datafield>
  <datafield tag="700" ind1=" " ind2=" ">
    <subfield code="9">19314</subfield>
  </datafield>
  <datafield tag="942" ind1=" " ind2=" ">
    <subfield code="2">ddc</subfield>
    <subfield code="c">GR</subfield>
  </datafield>
  <datafield tag="999" ind1=" " ind2=" ">
    <subfield code="c">45229</subfield>
    <subfield code="d">45229</subfield>
  </datafield>
</record>
